000 00589nam a22001937a 4500
005 20251108165830.0
008 250721s9999 xx 000 0 ara d
082 1 4 _aط/923.5/عقب
100 1 _aدندشي، محمد محمود
245 1 0 _aعقبة بن نافع /
264 1 _aطرابلس ( لبنان ) :
_bدار الشمال للطباعة و النشر و التوزيع،
_c[19-].
300 _a54ص
490 0 _aعظماء العرب
650 1 7 _aالتراجم
650 1 7 _aالعهد الأموي
650 1 7 _aالقادة
942 _2ddc
_cBK
999 _c32424
_d32424